| 000 | 00605nam a2200241Ia 4500 | ||
|---|---|---|---|
| 008 | 180920s9999 xx 000 0 und d | ||
| 020 | _a978-0-2413-0110-4 | ||
| 050 | _aCUL TX 747 | ||
| 050 | _b.B37 2017 | ||
| 100 | _aBarber, Kimiko. | ||
| 245 | 0 | _aSushi : | |
| 245 | 0 | _btaste and technique / | |
| 245 | 0 | _cKimiko Barber and Hiroki Takemura. | |
| 260 | _aNew York : | ||
| 260 | _bDorling Kindersley, | ||
| 260 | _c2017 | ||
| 300 | _a256 pages : | ||
| 300 | _bcolored illustrations ; | ||
| 300 | _c22 cm. | ||
| 500 | _aIncludes index. | ||
| 650 | _aCooking (Fish). | ||
| 650 | _xSushi. | ||
| 999 |
_c358810 _d358810 |
||